| 000 | 00613cam a22002173a 4500 | ||
|---|---|---|---|
| 001 | 45021 | ||
| 003 | PGUSA | ||
| 005 | 20140828084028.0 | ||
| 008 | 140226s2014||||xxu|||||s|||||000 | eng d | ||
| 040 |
_aPGUSA _beng |
||
| 042 | _adc | ||
| 100 | 1 |
_aLeigh, Percival, _d1813-1889 |
|
| 245 | 1 | 0 |
_aJack The Giant Killer _h[electronic resource] / _cPercival Leigh |
| 260 |
_bProject Gutenberg, _c2014 |
||
| 506 | _aPublic domain in the USA. | ||
| 516 | _aElectronic text | ||
| 700 | 1 |
_aLeech, John, _d1817-1864 |
|
| 830 | 0 |
_aProject Gutenberg _v45021 |
|
| 856 | 4 | 0 | _uhttp://www.gutenberg.org/ebooks/45021 |
| 942 | _cEB | ||
| 999 |
_c274272 _d274272 |
||